000 00767cam a2200229 4500
008 090401t1997 xxu||||| |||| 00| 0 eng d
020 _a1859781500
035 _a(Sirsi) u78804
041 _aeng
050 _a347.4109
100 _aCato, D. Mark
245 _aArbitration practice and procedure: interlocutory and hearing problems.
250 _a2nd ed.
260 _aLondon
_bLLP Limited
_c1997
300 _alxxxiii,1728p. ; 24cm.
350 _a150
650 _aARBITRATION LAW
650 _aMANAGEMENT-DISPUTE AVOIDANCE, MANAGEMENT AND RESOLUTION-DISPUTE MANAGEMENT AND RESOLUTION-ARBITRATION
690 _aMANAGEMENT-DISPUTE AVOIDANCE, MANAGEMENT AND RESOLUTION-DISPUTE MANAGEMENT AND RESOLUTION-ARBITRATION
942 _n0
948 _c09/06/1997
999 _c96486
_d96486